| 000 | 00452cam a2200157ua 4500 | ||
|---|---|---|---|
| 003 | OSt | ||
| 008 | 250310b |||||||| |||| 00| 0 eng d | ||
| 041 | _aeng | ||
| 082 |
_a621.64 _bKEN/HU |
||
| 100 |
_aKennedy, W K . _97290 |
||
| 245 | _aHuman and animal powered water-lifting devices: A state of the out survey / | ||
| 260 |
_a : _bIntermediate technology publications , _c1985. |
||
| 300 | _a111 ; . | ||
| 700 | 1 |
_aRogers, T A . _97291 |
|
| 942 | _cBK | ||
| 999 |
_c9257 _d9257 |
||